| 000 | 00550nam a2200169 a 4500 | ||
|---|---|---|---|
| 001 | 000015352 | ||
| 005 | 20200929164022.0 | ||
| 008 | 100205s19uu sp 000 0 spa d | ||
| 020 | _a8474612888 | ||
| 082 |
_axxxx _bxxx |
||
| 100 | 1 |
_aEspronceda, José de, _d1808-1842 _93064 |
|
| 245 | 1 | 3 |
_aEl estudiante de Salamanca / _cJosé de Espronceda; prólogo Joaquín del Moral Ruiz. |
| 260 |
_aMadrid, España : _bClub internacional del libro, _c[19uu]. |
||
| 300 |
_a180 p. ; _c20 cm. |
||
| 700 | 1 |
_aMoral Ruiz, Joaquín, _eed. _934699 |
|
| 999 |
_c14917 _d14917 |
||
| 040 | _aDO-SdBNP | ||